Tonguç ve Enstitüleri (Record no. 4221)

000 -LEADER
fixed length control field 00739nam a22001937a 4500
008 - FIXED-LENGTH DATA ELEMENTS--GENERAL INFORMATION
fixed length control field 230323b odc|| |||| 00| 0 eng d
020 ## - INTERNATIONAL STANDARD BOOK NUMBER
International Standard Book Number 9754582017
041 ## - LANGUAGE CODE
Language code of text/sound track or separate title Türkçe
050 ## - LIBRARY OF CONGRESS CALL NUMBER
Classification number LC5148.T9
100 ## - MAIN ENTRY--PERSONAL NAME
9 (RLIN) 1910
Personal name Türkoğlu, Pakize
245 ## - TITLE STATEMENT
Title Tonguç ve Enstitüleri
Statement of responsibility, etc. Yayın Danışmanı: Mürşit Balabanlılar,
250 ## - EDITION STATEMENT
Edition statement İkinci Basım
260 ## - PUBLICATION, DISTRIBUTION, ETC.
Place of publication, distribution, etc. İstanbul:
Name of publisher, distributor, etc. Türkiye İş Bankası Kültür Yayınları,
Date of publication, distribution, etc. Nisan 2000
300 ## - PHYSICAL DESCRIPTION
Extent 677 Sayfa
500 ## - GENERAL NOTE
General note Genel Yayın : 450
Ünlü Kişiler Dizisi: 20
"Türkiye İş Bankası Cumhuriyet'in 75. Yılı
Toplum ve İnsanbilimleri İncelemesi
Büyük Ödülü"--k.
650 #0 - SUBJECT ADDED ENTRY--TOPICAL TERM
9 (RLIN) 1687
Topical term or geographic name entry element Araştırma-İnceleme
700 ## - ADDED ENTRY--PERSONAL NAME
9 (RLIN) 1642
Personal name Balabanlılar, Mürşit
942 ## - ADDED ENTRY ELEMENTS (KOHA)
Source of classification or shelving scheme
Koha item type Books
Holdings
Withdrawn status Lost status Source of classification or shelving scheme Damaged status Not for loan Permanent Location Current Location Shelving location Date acquired Full call number Barcode Date last seen Price effective from Koha item type
        Ödünç verilemez İmren Ahmet Tüzün Kütüphanesi İmren Ahmet Tüzün Kütüphanesi Ahmet Tüzün 2023-03-23 LC5148.T9 100100004548 2023-03-23 2023-03-23 Books

This software was implemented, installed and managed by Devinim Software Training Consulting .